Statistics for Countries with Cardinal Directions in Their Names

Click here to take the quiz!

General Stats

  • This quiz has been taken 29,075 times
    (24,972 since last reset)
  • The average score is 4 of 6

Answer Stats

Country % Correct
North Korea
92%
South Korea
91%
South Sudan
80%
East Timor
72%
South Africa
71%
North Macedonia
41%

Score Distribution

Percentile by Number Answered

Percent of People with Each Score

Your Score History

You have not taken this quiz since the last reset